00369nam a2200145Ia 4500008004100000020001500041041000800056082001800064100001700082245004700099250000600146260004300152300001400195650001400209210716s2007 xx 000 0 und d a8126511419 aeng a005.3622 MUIN aMuir, Nancy. aMicrosoft office project 2007 for dummies. a1 aNew DelhibWiley Publishing Inc.c2007 axviii,388 aMS Office